Yellowstone Kelly : gentleman & scout : a novel /

Bibliographic Details
Main Author: Bowen, Peter, 1945-
Format: Book
Language:English
Published: Ottawa, Ill. : Jameson Books ; [1987]
Series:Frontier library (Ottawa, Ill.)
Subjects:

MARC

Tag First Indicator Second Indicator Subfields
LEADER 00000cam a2200000 a 4500
001 in00000035051
005 20151007055250.0
008 861027s1987 ilu 00011 eng
010 |a  86027193  
020 |a 0915463407 :  |c $17.95 
035 |a (OCoLC)14693160 
035 |9 AAB7732AM 
040 |a DLC  |c DLC  |d TXA  |d UtOrBLW 
049 |a TXAM  |c [A11089276] 
050 0 0 |a PS3552.O866  |b Y4 1987 
082 0 |a 813/54  |2 19 
100 1 |a Bowen, Peter,  |d 1945- 
245 1 0 |a Yellowstone Kelly :  |b gentleman & scout : a novel /  |c Peter Bowen. 
264 1 |a Ottawa, Ill. :  |b Jameson Books ;  |c [1987] 
264 2 |a New York :  |b Distributed by Kampmann, 
264 4 |c ©1987 
300 |a 282 pages ;  |c 22 cm. 
336 |a text  |b txt  |2 rdacontent 
337 |a unmediated  |b n  |2 rdamedia 
338 |a volume  |b nc  |2 rdacarrier 
490 1 |a A Frontier library book 
650 0 |a Nez Percé Indians  |x Wars, 1877  |x Fiction. 
650 0 |a Zulu War, 1879  |x Fiction. 
830 0 |a Frontier library (Ottawa, Ill.) 
999 |a MARS 
999 f f |s 1fde42bf-b2ab-3e22-a084-e416a90e9d5b  |i a57f057e-ea59-37a5-a522-1d41f988862e  |t 0 
952 f f |p normal  |a Texas A&M University  |b College Station  |c Sterling C. Evans Library  |d Evans: Library Stacks  |t 0  |e PS3552.O866 Y4 1987  |h Library of Congress classification  |i unmediated -- volume  |m A14811089276 
998 f f |a PS3552.O866 Y4 1987  |t 0  |l Evans: Library Stacks